000 03060cam a2200337 a 4500
999 _c330997
_d330997
001 17170711
003 NUST
005 20180117090029.0
008 120217s2012 cauc 000 0 eng d
010 _a 2011284956
020 _a9781452216874 (pbk.: acidfree paper)
020 _a1452216878
035 _a(OCoLC)ocn746834910
040 _aBTCTA
_beng
_cBTCTA
_dYDXCP
_dBWX
_dDTM
_dDLC
042 _alccopycat
050 0 0 _aBF636.6
_b.H883 2012
082 _a158.3 HUT
100 1 _aHutchinson, David R.
_94321
245 1 4 _aThe counseling skills practice manual /
_cDavid R. Hutchinson.
260 _aThousand Oaks, Calif.
_bSAGE,
_cc2012.
300 _aviii, 115 p. :
_bport. ;
_c28 cm.
500 _aCompanion to: The essential counselor and its accompanying DVD of professionally demonstrated skills.
505 0 _aGetting started : using your natural interest and curiosity about people -- Giving and receiving feedback -- Getting started with a new client -- Using questions to engage and fact-find -- Using reflections for engagement and for the exploration of feeling -- Using little tools with big effect : silence and simple prompts -- Hunches, challenges, and the use of paradox -- Making it personal : affirming and promoting immediacy -- Ethical and cultural issues -- Dealing with crisis -- Working with a reluctant client -- Putting it all together : using natural and learned skills.
520 _aA practical guide for students who are working on improving their counseling skills, this manual features 12 practice sessions, each of which focuses on a specific counseling skillset. Many of the essential skills are covered, such as using questions, nonverbal behaviors, making reflections of client meaning, and feeling. But the student also gains practice here with important skills, such as learning how to deal with clients in crisis and reluctant clients, how to appropriately confront, and hoe to give and receive accurate and supportive feedback to one another. These practice sessions are designed to help students recognize and build on their natural interpersonal skill set as they learn new skills. They will help students become more competent in their use of counseling skills and feel more comfortable and confident in their roles as emerging counseling professionals. Key features: Offers a comprehensive view of each skill prior to its being demonstrated; connects skills learned to professional practice ; provides ample student review and practice opportunities, including both writtent exercises and role-playing; encourages thorough evaluation ooportunities through both self-evaluation and peer/instructor evaluation.
650 0 _aCounseling psychology.
_94077
650 0 _aCounseling
_xMethodology.
_94322
906 _a7
_bcbc
_ccopycat
_d2
_encip
_f20
_gy-gencatlg
942 _2ddc
_cBK